FIVE letters country names - Statistics

General Stats
  • This quiz has been taken 50 times
    20 since last reset
  • The average score is 22 of 24
Answer Stats
Answer % Correct
Ghana
100%
Palau
100%
Benin
94%
China
94%
Egypt
94%
Haiti
94%
Italy
94%
Japan
94%
Kenya
94%
Nauru
94%
Nepal
94%
Tonga
94%
Chile
89%
India
89%
Libya
89%
Malta
89%
Qatar
89%
Spain
89%
Sudan
89%
Syria
89%
Yemen
89%
Gabon
83%
Niger
78%
Samoa
78%
No matching quizzes found
Score Distribution
Percent of People with Each Score
Percentile by Number Answered
Your Score History
You have not taken this quiz since the last reset